Croatia all time starting xi - Statistics

General Stats
  • This quiz has been taken 171 times
  • The average score is 8 of 11
Answer Stats
Hint Answer % Correct
MF(2006- Luka Modrić
100%
MF(2007-2019 Ivan Rakitić
93%
FW(2007-2018 Mario Mandžukić
89%
FW(1990-2002 Davor Šuker
86%
FW(2011- Ivan Perišić
86%
DF(2010-2024 Domagoj Vida
81%
MF(2013- Mateo Kovačić
80%
DF(2002-2016 Darijo Srna
68%
GK(1999-2014 Stipe Pletikosa
46%
DF(2006-2018 Vedran Ćorluka
45%
DF(2001-2013 Josip Šimunić
30%
No matching quizzes found
Score Distribution
Percent of People with Each Score
Percentile by Number Answered
Your Score History
You have not taken this quiz